000 00973nam a2200289 i 4500
001 000009279
003 DO-SdBNP
005 20251027111557.0
007 ta
008 090929s1997 dr 001 0 spa d
040 _aDO-SdBNP
_bspa
_cBNPHU
_erda
041 _aspa
082 _a306.461
_bC475a
_222
100 1 _aCharles Dunlop, Clarence Eduardo,
_d1919-
_eautor
_920058
245 1 0 _aApuntes médicos de interés general :
_bantología médica /
_cClarence Eduardo Charles Dunlop ; prólogo Hugo Mendoza.
264 _aSanto Domingo :
_bCorripio,
_c1997.
300 _aXI, 434 páginas ;
_c24 cm.
336 _ardacontent
_btexto
_2txt
337 _ardamedia
_bsin mediación
_2n
338 _ardacarrier
_bvolumen
_2nc
590 _aInventariado,2018/DG
650 4 _aMedicina social
_919663
650 4 _aMedicina
_xEnsayos, conferencias, etc.
_918802
700 1 _aMendoza, Hugo,
_eprólogo
_919626
910 _aValidado. Control de calidad. EMS
942 _2ddc
_cLBS1
999 _c9041
_d9041